000 00619nam a2200181Ia 4500
008 090123s9999 xx 000 0 und d
082 _b22620
100 _aमंगळवेढेकर राजा
245 _aहा शोध भारताचा
250 _a2
260 _bअतुल बुक एजन्सी प्रकाशन
_c1988
300 _a66
600 _aमंगळवेढेकर राजा
630 _aहा शोध भारताचा
700 _aमंगळवेढेकर राजा
730 _aहा शोध भारताचा
942 _cBOOK
999 _c60692
_d60692